Vyhláška Ministerstva financií Slovenskej republiky o spôsobe vedenia evidencie tržieb elektronickou pokladnicou
Úplné znenie vyhlášky Ministerstva financií Slovenskej republiky z 30. marca, ktorou sa dopĺňa vyhláška MF SR č.55/1994 Z.z. o spôsobe vedenia evidencie tržieb elektronickou registračnou pokladnicou.
Salvato in:
| Natura: | Capitolo di libro |
|---|---|
| Lingua: | slovacco |
| Soggetti: | |
| Tags: |
Nessun Tag, puoi essere il primo ad aggiungerne!!
|
MARC
| LEADER | 00000naa a2200000 4500 | ||
|---|---|---|---|
| 001 | r017510 | ||
| 005 | 20221213100634.7 | ||
| 041 | 0 | |a slo | |
| 044 | |a SK | ||
| 245 | 1 | 0 | |a Vyhláška Ministerstva financií Slovenskej republiky o spôsobe vedenia evidencie tržieb elektronickou pokladnicou |
| 520 | |a Úplné znenie vyhlášky Ministerstva financií Slovenskej republiky z 30. marca, ktorou sa dopĺňa vyhláška MF SR č.55/1994 Z.z. o spôsobe vedenia evidencie tržieb elektronickou registračnou pokladnicou. | ||
| 610 | 2 | 0 | |a pokladnice kontrolné |
| 610 | 2 | 0 | |a vyhlášky |
| 610 | 2 | 0 | |a MF SR Bratislava |
| 610 | 2 | 0 | |a 1994 |
| 610 | 2 | 0 | |a evidencia |
| 610 | 2 | 0 | |a tržby |